Κατάλογος Βιβλιοθηκών Mediterranean College

Εισαγωγή στη Χρηματοοικονομική Διοικητική (Record no. 3787)

MARC details
000 -LEADER
fixed length control field 03066cam a22002054a 4500
005 - ΗΜΕΡΟΜΗΝΙΑ ΚΑΙ ΩΡΑ ΤΕΛΕΥΤΑΙΑΣ ΕΝΗΜΕΡΩΣΗΣ
Πεδίο ελέγχου 20250605164125.0
008 - FIXED-LENGTH DATA ELEMENTS--GENERAL INFORMATION
Πεδίο ελέγχου σταθερού μήκους 250528s ||||||||||||||||||||||||d
035 ## - SYSTEM CONTROL NUMBER
System control number 18426
040 ## - ΠΗΓΗ ΚΑΤΑΛΟΓΟΓΡΑΦΗΣΗΣ
Φορέας πρωτότυπης καταλογογράφησης MC Athens Campus Library
Γλώσσα καταλογογράφησης Ελληνικά, Μοντέρνα (1453-)
Modifying agency MC Athens Campus Library
Κανόνες περιγραφικής καταλογογράφησης AACR2
245 1# - ΤΙΤΛΟΣ ΚΑΙ ΔΗΛΩΣΗ ΥΠΕΥΘΥΝΟΤΗΤΑΣ
Τίτλος Εισαγωγή στη Χρηματοοικονομική Διοικητική
260 ## - PUBLICATION, DISTRIBUTION, ETC.
Name of publisher, distributor, etc. Παπαζήση,
Date of publication, distribution, etc. 1985
300 ## - PHYSICAL DESCRIPTION
Extent 480
505 0# - FORMATTED CONTENTS NOTE
Formatted contents note Βασικές Έννοιες της Χρηματοοικονομικής Διοικητικής και Πλαίσια Εξετάσεως, Εισαγωγή και Πλαίσια Εξετάσεως, Το Περιβάλλον της Επιχειρήσεως, Συγκριτική Ανάλυση των Λογιστικών Καταστάσεων της Επιχειρηματικής Μονάδας και της Ροής Κεφαλαίων Εντός Αυτής, Προγραμματισμός και Έλεγχος των Κερδών της Επιχειρήσεως, Χρηματοοικονομική Στρατηγική και Προγραμματισμός, Το Πρόγραμμα της Χρηματοοικονομικής Διαχειρίσεως της Επιχειρήσεως, Η Διαχρονικη Αξία του Χρήματος, Προεξόφληση και Ανατοκισμός, Προγραμματισμός Επενδύσεων με Συνθήκες Βεβαιότητας: Μέθοδοι Προεξοφλήσεως Ταμειακών Ροών, Προγραμματισμός Επενδύσεων με Συνθήκες Αβεβαιότητας, Πίνακες Συντελεστών Ανατοκισμού, Ευρετήριο.
520 ## - SUMMARY, ETC.
Summary, etc. Βασικές Έννοιες της Χρηματοοικονομικής Διοικητικής και Πλαίσια Εξετάσεως, Εισαγωγή και Πλαίσια Εξετάσεως, Το Περιβάλλον της Επιχειρήσεως, Συγκριτική Ανάλυση των Λογιστικών Καταστάσεων της Επιχειρηματικής Μονάδας και της Ροής Κεφαλαίων Εντός Αυτής, Προγραμματισμός και Έλεγχος των Κερδών της Επιχειρήσεως, Χρηματοοικονομική Στρατηγική και Προγραμματισμός, Το Πρόγραμμα της Χρηματοοικονομικής Διαχειρίσεως της Επιχειρήσεως, Η Διαχρονικη Αξία του Χρήματος, Προεξόφληση και Ανατοκισμός, Προγραμματισμός Επενδύσεων με Συνθήκες Βεβαιότητας: Μέθοδοι Προεξοφλήσεως Ταμειακών Ροών, Προγραμματισμός Επενδύσεων με Συνθήκες Αβεβαιότητας, Πίνακες Συντελεστών Ανατοκισμού, Ευρετήριο.
700 1# - ΠΡΟΣΘΕΤΗ ΑΝΑΓΡΑΦΗ--ΦΥΣΙΚΟ ΠΡΟΣΩΠΟ
Personal name Αθανασοπουλος Π.Ι
9 (RLIN) 4698
700 1# - ΠΡΟΣΘΕΤΗ ΑΝΑΓΡΑΦΗ--ΦΥΣΙΚΟ ΠΡΟΣΩΠΟ
Personal name Φιλιππατος Γ.Κ
9 (RLIN) 4699
942 ## - ADDED ENTRY ELEMENTS (KOHA)
Koha item type Books
Holdings
Τύπος τεκμηρίου Βιβλιοθήκη Τρέχουσα τοποθεσία Barcode Αριθμός εισαγωγής Ημερομηνία απόκτησης Ταξιθετικό σύμβολο Αριθμός αντιτύπου Κατάσταση απόσυρσης Κατάσταση χαμένου Κατάσταση κατεστραμμένου Μη δανεισμός Σύνολο δανεισμών Ημερομηνία τελευταίας εμφάνισης Η τιμή ισχύει από
Books MC Athens Campus Library MC Athens Campus Library 9780000037862 3109 05/06/2025 658.05 FIL 3           05/06/2025 05/06/2025

MC Athens Campus Library
Πατησίων 94 & Κοδριγκτώνος 13, 104 34
Πελλήνης 8 & Πατησίων 107, 112 51
Τ: +30 210 8899600

MC Thessaloniki Campus Library
Ίωνος Δραγούμη 21, 54625 | Ίωνος Δραγούμη 15, 54625
Τ: +30 2310 287779 – Τ: +30 2314 440300